[Event "OLNO 1819 TSG Oberschöneweide - SK Köni"]
[Site "?"]
[Date "2018.10.21"]
[Round "1.4"]
[White "Postler, Reinhard"]
[Black "Dimitrijeski, Boris"]
[Result "0-1"]
[WhiteElo "2255"]
[BlackElo "2221"]
[PlyCount "74"]
[EventDate "2018.??.??"]

1. e4 e5 2. Nf3 Nc6 3. Bb5 a6 4. Ba4 Nf6 5. O-O Be7 6. Re1 b5 7. Bb3 O-O 8. d3
d6 9. c3 Na5 10. Bc2 c5 11. Nbd2 Nc6 12. Nf1 h6 13. Ne3 Re8 14. h3 Bf8 15. Nh2
d5 16. Qf3 Be6 17. Nhg4 Nxg4 18. Nxg4 d4 19. Qg3 Kh8 20. f4 exf4 21. Bxf4 dxc3
22. bxc3 b4 23. Ba4 Rc8 24. Ne5 Nxe5 25. Bxe5 Bd7 26. Bb3 Qe7 27. Bf4 bxc3 28.
Rac1 g5 29. Be3 Bg7 30. Qf2 Be6 31. Bxe6 Qxe6 32. Rf1 c4 33. dxc4 Qxe4 34. Bb6
Qxc4 35. Qxf7 Qxf7 36. Rxf7 Re2 37. Rd7 Rc4 0-1

[Event "OLNO 1819 TSG Oberschöneweide - SK Köni"]
[Site "?"]
[Date "2018.10.21"]
[Round "1.5"]
[White "Dimitrijeski, Kristian"]
[Black "Boewer, Roland"]
[Result "1/2-1/2"]
[WhiteElo "2154"]
[BlackElo "2198"]
[PlyCount "93"]
[EventDate "2018.??.??"]

1. d4 Nf6 2. c4 d6 3. Nf3 Bg4 4. Nc3 Nbd7 5. e4 e5 6. d5 Nc5 7. Qc2 a5 8. Be2
Be7 9. Ng1 Bxe2 10. Ngxe2 O-O 11. O-O Nh5 12. g4 Nf6 13. f3 Ne8 14. Be3 Bg5 15.
Bf2 g6 16. a3 Ng7 17. b4 axb4 18. axb4 Rxa1 19. Rxa1 Na6 20. c5 f5 21. c6 Qc8
22. cxb7 Qxb7 23. Qa4 Nb8 24. gxf5 gxf5 25. Qb5 Qxb5 26. Nxb5 fxe4 27. fxe4 Ne8
28. Ra8 Nd7 29. Ra7 Ndf6 30. Ng3 Bh4 31. Nxc7 Bxg3 32. hxg3 Nxc7 33. Rxc7 Nxe4
34. b5 Rxf2 35. b6 Rf8 36. b7 Nc5 37. Kg2 h6 38. Kh3 e4 39. Kg4 e3 40. Kh5 Nxb7
41. Rxb7 Rf7 42. Rb8+ Kg7 43. Re8 Rf5+ 44. Kg4 Rxd5 45. Rxe3 Kf6 46. Re8 Re5
47. Rh8 1/2-1/2

[Event "OLNO 1819 TSG Oberschöneweide - SK Köni"]
[Site "?"]
[Date "2018.10.21"]
[Round "1.6"]
[White "Wiedersich, Jens"]
[Black "Jahnz, Fabian"]
[Result "1/2-1/2"]
[WhiteElo "2090"]
[BlackElo "2244"]
[PlyCount "79"]
[EventDate "2018.??.??"]

1. d4 d5 2. c4 dxc4 3. e3 e5 4. Bxc4 exd4 5. Nf3 Bd6 6. Nxd4 a6 7. Qb3 Qe7 8.
a4 c5 9. Nf3 Nc6 10. Bd2 Nf6 11. Bc3 Ne4 12. Nbd2 Nxc3 13. Qxc3 O-O 14. h3 b6
15. O-O Rb8 16. Rfd1 b5 17. axb5 axb5 18. Bd5 Nb4 19. Ne4 Nxd5 20. Rxd5 Qxe4
21. Rxd6 Bxh3 22. Ne1 Be6 23. Qxc5 Rfc8 24. Qd4 Qxd4 25. exd4 Rd8 26. Rxd8+
Rxd8 27. Rd1 Kf8 28. f3 Ke7 29. Kf2 Kd6 30. Rd2 Bf5 31. g4 Be6 32. Ng2 Rc8 33.
Ne3 Rc1 34. f4 f6 35. d5 Bc8 36. Kf3 g6 37. Rh2 Rc7 38. Rd2 Rc5 39. Rh2 Rc7 40.
Rd2 1/2-1/2

[Event "OLNO 1819 TSG Oberschöneweide - SK Köni"]
[Site "?"]
[Date "2018.10.21"]
[Round "1.7"]
[White "Kather, Yannick"]
[Black "Jauk, Wilhelm"]
[Result "0-1"]
[WhiteElo "2136"]
[BlackElo "2150"]
[PlyCount "174"]
[EventDate "2018.??.??"]

1. e4 e5 2. Nf3 Nf6 3. Nxe5 d6 4. Nf3 Nxe4 5. Nc3 Nxc3 6. dxc3 Be7 7. Be3 Nd7
8. Qd2 O-O 9. O-O-O Nc5 10. Nd4 a6 11. f3 Re8 12. g4 Bh4 13. Bf4 Bd7 14. Bg3
Bg5 15. Bf4 Bxf4 16. Qxf4 Qh4 17. Bc4 Re7 18. Qg3 Qg5+ 19. Kb1 Rae8 20. h4 Qe5
21. Qf2 b5 22. Bd3 Nxd3 23. cxd3 c5 24. Nc2 Qf4 25. Qh2 Qxh2 26. Rxh2 Bc6 27.
Rf1 f6 28. d4 Re2 29. Rxe2 Rxe2 30. dxc5 dxc5 31. b4 Re5 32. bxc5 Rxc5 33. Kb2
Kf7 34. Nd4 Bd5 35. a3 Bc4 36. Rf2 g6 37. Kc2 h5 38. Kd2 Rd5 39. Rh2 Rd8 40.
Rh1 Bd5 41. Rf1 Rh8 42. Rg1 hxg4 43. Rxg4 f5 44. Rf4 Kf6 45. Ke3 Rc8 46. Ne2
Bc4 47. Nd4 Rc5 48. Nc2 Re5+ 49. Kd2 Re2+ 50. Kd1 Rf2 51. Nb4 Ke5 52. Rd4 Rxf3
53. Nc6+ Kf6 54. Rd6+ Kg7 55. Rxg6+ Kxg6 56. Ne5+ Kh5 57. Nxf3 Kg4 58. Nd4 f4
59. Ke1 Kxh4 60. Kf2 Kg4 61. Nc6 Kf5 62. Nb4 a5 63. Nc2 Ke4 64. Nd4 Kd3 65. Ne2
Kc2 66. Nxf4 Kxc3 67. Ke1 Kb3 68. Kd2 Kxa3 69. Kc3 Bf7 70. Kc2 Ka2 71. Ne2 b4
72. Nc1+ Ka3 73. Kb1 Bc4 74. Ka1 Ka4 75. Kb2 Kb5 76. Ka1 Kc5 77. Kb2 Kd4 78.
Kc2 a4 79. Kb2 Ke3 80. Kc2 a3 81. Kb1 Kd2 82. Ka1 Kc2 83. Nb3 Kxb3 84. Kb1 Kc3
85. Ka1 b3 86. Kb1 Bd3+ 87. Ka1 b2+ 0-1

[Event "OLNO 1819 TSG Oberschöneweide - SK Köni"]
[Site "?"]
[Date "2018.10.21"]
[Round "1.8"]
[White "Bellmann, Rambald"]
[Black "Niehaus, Frank"]
[Result "1/2-1/2"]
[WhiteElo "2115"]
[BlackElo "2195"]
[PlyCount "57"]
[EventDate "2018.??.??"]

1. e4 d6 2. d4 Nf6 3. Nc3 Nbd7 4. Nf3 e5 5. dxe5 dxe5 6. Bc4 Bc5 7. Bg5 c6 8.
O-O O-O 9. Bb3 h6 10. Bh4 Re8 11. Qe2 Qe7 12. Bg3 Nh5 13. Nh4 Nxg3 14. hxg3 Nf6
15. Na4 Bb6 16. Nxb6 axb6 17. Kh1 Be6 18. Bxe6 Qxe6 19. a3 Ra4 20. f3 b5 21.
Nf5 g6 22. Ne3 Nh5 23. Kh2 Nf6 24. Rad1 Rd4 25. c3 Rxd1 26. Rxd1 Re7 27. Rd8+
Kg7 28. Qd2 Rd7 29. Rxd7 {(=)} 1/2-1/2

[Event "OLNO 1819 SV Empor Berlin - SC Weisse D"]
[Site "?"]
[Date "2018.10.21"]
[Round "1.1"]
[White "Moeller, Hendrik"]
[Black "Thinius, Marco"]
[Result "0-1"]
[WhiteElo "2256"]
[BlackElo "2407"]
[PlyCount "66"]
[EventDate "2018.??.??"]

1. c4 e5 2. g3 Nf6 3. Bg2 c6 4. d4 e4 5. Nc3 d5 6. Bg5 Bb4 7. Rc1 Nbd7 8. cxd5
cxd5 9. a3 Bxc3+ 10. Rxc3 h6 11. Bxf6 Nxf6 12. e3 O-O 13. Ne2 Bg4 14. O-O Qd7
15. Qc2 Rac8 16. Rxc8 Rxc8 17. Nc3 Bh3 18. Qb3 Bxg2 19. Kxg2 Rc4 20. f3 exf3+
21. Rxf3 a6 22. Qd1 Qe6 23. Qd3 Ne4 24. Rf4 Nxc3 25. bxc3 Qc8 26. Qf5 Qxf5 27.
Rxf5 Rxc3 28. Kf3 Rxa3 29. Rxd5 Kf8 30. Rd7 Rb3 31. Ke4 a5 32. d5 Ke8 33. Rc7
a4 0-1

[Event "OLNO 1819 SV Empor Berlin - SC Weisse D"]
[Site "?"]
[Date "2018.10.21"]
[Round "1.2"]
[White "Foerster, Jonas"]
[Black "Waldmann, Hans-Joachim"]
[Result "0-1"]
[WhiteElo "2273"]
[BlackElo "2286"]
[PlyCount "80"]
[EventDate "2018.??.??"]

1. d4 e6 2. c4 Nf6 3. Nf3 d5 4. Nc3 Bb4 5. Bg5 h6 6. Bxf6 Qxf6 7. e3 O-O 8. Qc2
c5 9. a3 Ba5 10. dxc5 Bxc3+ 11. Qxc3 Qxc3+ 12. bxc3 dxc4 13. Bxc4 Nd7 14. c6
bxc6 15. O-O Nb6 16. Be2 c5 17. a4 Nd5 18. Rfc1 f6 19. Nd2 Bd7 20. Ne4 Rac8 21.
Nd6 Rb8 22. e4 Nb6 23. a5 Na4 24. Bc4 Rfd8 25. a6 Nb6 26. Ba2 Kf8 27. f4 Bc6
28. e5 g5 29. fxg5 fxe5 30. Rf1+ Ke7 31. Rf7+ Kxd6 32. Rd1+ Nd5 33. c4 Rb2 34.
cxd5 exd5 35. Bb1 hxg5 36. Rdf1 Re8 37. Bg6 d4 38. R1f2 Rxf2 39. Kxf2 Re7 40.
Rf5 e4 0-1

[Event "OLNO 1819 SV Empor Berlin - SC Weisse D"]
[Site "?"]
[Date "2018.10.21"]
[Round "1.3"]
[White "Pfeffer, Ruprecht"]
[Black "Szajbely, Zsigmond"]
[Result "1-0"]
[WhiteElo "2247"]
[BlackElo "2302"]
[PlyCount "143"]
[EventDate "2018.??.??"]

1. e4 c5 2. Nc3 d6 3. Nge2 Nc6 4. d4 cxd4 5. Nxd4 g6 6. Be3 Nf6 7. f3 Bg7 8.
Qd2 h5 9. Be2 Bd7 10. O-O O-O 11. Nd5 Nxd5 12. exd5 Nxd4 13. Bxd4 Bxd4+ 14.
Qxd4 Qb6 15. Qxb6 axb6 16. a3 Rfc8 17. c3 Ba4 18. Bd1 Kg7 19. Re1 Kf6 20. Re4
Bd7 21. Bb3 b5 22. Rae1 Re8 23. Rf4+ Kg7 24. Rfe4 Kf6 25. Rf4+ Kg7 26. Rd4 g5
27. h4 f6 28. Kf2 Rac8 29. Kg3 Kf7 30. Rde4 Bf5 31. Rb4 Rc5 32. Kf2 b6 33. Rd4
Rg8 34. g3 Rf8 35. Rh1 Kg6 36. Re1 Kf7 37. Rh1 Kg6 38. g4 hxg4 39. fxg4 Bc8 40.
Bc2+ f5 41. hxg5 Rc4 42. Ke3 Rxd4 43. Kxd4 Kxg5 44. gxf5 Kf6 45. Rh6+ Kg7 46.
Rg6+ Kf7 47. Bd3 Bd7 48. c4 bxc4 49. Kxc4 Rh8 50. Rg4 Rh2 51. b3 Rh3 52. Rd4
Ke8 53. Rf4 Kf7 54. a4 Ke8 55. f6 exf6 56. Bf5 Bxf5 57. Rxf5 Kf7 58. b4 Kg6 59.
Rf4 Kg5 60. Rf1 Ra3 61. Kb5 Rb3 62. Ra1 f5 63. Kxb6 Rxb4+ 64. Kc7 Kf6 65. Kxd6
f4 66. a5 Rb8 67. a6 f3 68. a7 Ra8 69. Kc7 Ke5 70. d6 f2 71. Kb7 Rf8 72. a8=Q
1-0

[Event "OLNO 1819 SV Empor Berlin - SC Weisse D"]
[Site "?"]
[Date "2018.10.21"]
[Round "1.4"]
[White "Urban, Julian"]
[Black "Abraham, Ingo"]
[Result "1-0"]
[WhiteElo "2248"]
[BlackElo "2216"]
[PlyCount "81"]
[EventDate "2018.??.??"]

1. b3 d6 2. Bb2 e5 3. e3 Nf6 4. d3 g6 5. Nf3 Bg7 6. Be2 O-O 7. c4 c5 8. Nc3 Nc6
9. O-O Re8 10. a3 b6 11. Qc2 d5 12. cxd5 Nxd5 13. Rfd1 Bb7 14. Ne1 Rc8 15. Nxd5
Qxd5 16. Rac1 Qd7 17. Nf3 Qd5 18. Ne1 Qe6 19. Bf3 Qd7 20. Qb1 Ne7 21. Qa1 Nd5
22. b4 cxb4 23. axb4 a6 24. Rc4 b5 25. Re4 Qc7 26. Rc1 Qb8 27. Rxc8 Bxc8 28. d4
f6 29. dxe5 fxe5 30. Qa2 Bb7 31. Nd3 Kh8 32. Nc5 Ba8 33. Qxa6 Nc7 34. Qa1 Bxe4
35. Bxe4 Ne6 36. Nd7 Qc7 37. Nxe5 Ng5 38. Bc6 Rb8 39. f4 Ne6 40. Bd5 Re8 41.
Bxe6 1-0

[Event "OLNO 1819 SV Empor Berlin - SC Weisse D"]
[Site "?"]
[Date "2018.10.21"]
[Round "1.5"]
[White "Uhl, Heinz"]
[Black "Meissner, Hans-Juergen"]
[Result "1/2-1/2"]
[WhiteElo "2134"]
[BlackElo "2226"]
[PlyCount "83"]
[EventDate "2018.??.??"]

1. c4 g6 2. Nc3 Bg7 3. g3 c5 4. Bg2 Nc6 5. Nf3 d6 6. O-O Rb8 7. e3 Nh6 8. d4
O-O 9. h3 Nf5 10. d5 Na5 11. Qe2 Bxc3 12. bxc3 e5 13. e4 Ng7 14. Bh6 b6 15. Nh4
f6 16. f4 Ba6 17. Qg4 Nxc4 18. Nf5 Nxf5 19. Bxf8 Qxf8 20. exf5 Ne3 21. Qf3 Nxf1
22. Bxf1 Bxf1 23. Rxf1 exf4 24. Qxf4 Kg7 25. Re1 Re8 26. Rxe8 Qxe8 27. Qxd6
Qe3+ 28. Kf1 Qxc3 29. Qe7+ Kh6 30. d6 Qf3+ 31. Ke1 Qxg3+ 32. Ke2 Qg2+ 33. Kd3
Qd5+ 34. Ke3 Qd4+ 35. Ke2 Qc4+ 36. Kf3 Qd5+ 37. Kg3 Qd3+ 38. Kf2 Qd2+ 39. Kf3
Qd5+ 40. Ke3 Qd4+ 41. Ke2 Qc4+ 42. Kf3 {(=)} 1/2-1/2

[Event "OLNO 1819 SV Empor Berlin - SC Weisse D"]
[Site "?"]
[Date "2018.10.21"]
[Round "1.6"]
[White "Nitsche-Hahn, Raphael"]
[Black "Venske, Kai-Gerrit"]
[Result "0-1"]
[WhiteElo "2045"]
[BlackElo "2172"]
[PlyCount "63"]
[EventDate "2018.??.??"]

1. d4 f5 2. Bf4 Nf6 3. e3 d6 4. Nf3 g6 5. Bc4 Bg7 6. Nbd2 e6 7. Qe2 O-O 8. O-O
Kh8 9. Bd3 Nh5 10. h3 Nc6 11. Bg5 Qe8 12. g4 fxg4 13. hxg4 Nf6 14. Nh4 e5 15.
f3 exd4 16. Kg2 dxe3 17. Ne4 d5 18. Nxf6 Bxf6 19. Rh1 Kg8 20. Nxg6 Nd4 21. Qxe3
Qxe3 22. Bxe3 hxg6 23. Bxg6 Bg7 24. c3 Ne6 25. Bh7+ Kf7 26. Rad1 c6 27. f4 Rh8
28. f5 Nf8 29. f6 Bxf6 30. g5 Nxh7 31. gxf6 Rg8+ 32. Kf3 0-1

[Event "OLNO 1819 SV Empor Berlin - SC Weisse D"]
[Site "?"]
[Date "2018.10.21"]
[Round "1.7"]
[White "Mohrmann, Ralf"]
[Black "Schabe, Felix"]
[Result "0-1"]
[WhiteElo "2069"]
[BlackElo "1813"]
[PlyCount "118"]
[EventDate "2018.??.??"]

1. d4 Nf6 2. c4 g6 3. Nc3 Bg7 4. e4 d6 5. f3 Na6 6. Be3 Be6 7. Bd3 c5 8. d5 Bd7
9. Nge2 h5 10. Qd2 Rb8 11. O-O Nc7 12. a4 b6 13. h3 Qc8 14. Kh2 a6 15. f4 h4
16. e5 Nh5 17. e6 fxe6 18. Bxg6+ Kd8 19. Ne4 Be8 20. Bxe8 Kxe8 21. Ng5 exd5 22.
cxd5 Qf5 23. Rad1 Kd7 24. Nc3 Rbf8 25. Nce4 Nf6 26. Qd3 Nfxd5 27. Bc1 Bd4 28.
b3 Kc8 29. Kh1 Kb7 30. Qf3 Ka7 31. Bd2 Rh6 32. Rde1 Ne6 33. a5 Nexf4 34. axb6+
Kxb6 35. b4 cxb4 36. Rc1 a5 37. Qb3 Rc8 38. Rxc8 Qxc8 39. Rc1 Bc5 40. Nxc5 dxc5
41. Qf3 Qf5 42. Ne4 Rc6 43. Nxc5 Rxc5 44. Qf2 Qc8 45. Bxf4 Nxf4 46. Rxc5 Qxc5
47. Qxf4 e5 48. Qh6+ Kb5 49. Qe6 Qc1+ 50. Kh2 Qf4+ 51. Kh1 Qd4 52. Qe8+ Kc4 53.
Qa4 Qd5 54. Qc2+ Kb5 55. Qe2+ Ka4 56. Qe1 Qd4 57. Qc1 b3 58. Qc6+ Ka3 59. Qb5
a4 0-1

[Event "OLNO 1819 SV Empor Berlin - SC Weisse D"]
[Site "?"]
[Date "2018.10.21"]
[Round "1.8"]
[White "Atkinson, Paul"]
[Black "Mahn, Franko"]
[Result "0-1"]
[WhiteElo "2166"]
[BlackElo "2128"]
[PlyCount "138"]
[EventDate "2018.??.??"]

1. d4 Nf6 2. c4 c5 3. d5 b5 4. cxb5 a6 5. bxa6 Bxa6 6. Nc3 g6 7. Nf3 Bg7 8. g3
d6 9. Bg2 Nbd7 10. Rb1 Nb6 11. b3 Bb7 12. Nh4 O-O 13. Bb2 Ne8 14. O-O Nc7 15.
Qd2 Qd7 16. Rfd1 Rfb8 17. Bf3 c4 18. b4 Nb5 19. Nxb5 Bxb2 20. Rxb2 Qxb5 21. Rc2
Ra4 22. Qg5 Qe8 23. Nf5 f6 24. Qe3 gxf5 25. Qxb6 Ba6 26. Qe3 Raxb4 27. Qe6+ Kg7
28. Qxf5 Qg6 29. Qxg6+ hxg6 30. Kg2 Rb2 31. Rdc1 R2b4 32. e4 f5 33. exf5 gxf5
34. Re1 Kf8 35. h4 Rb2 36. Rec1 R2b4 37. Rc3 Ra4 38. R1c2 Rb1 39. Rd2 Ra1 40.
Rcc2 Rb1 41. Rd4 Ra1 42. Rf4 R4xa2 43. Be4 Rxc2 44. Bxc2 Rc1 45. Bxf5 Kg7 46.
Kf3 Rd1 47. Be4 c3 48. Rg4+ Kh8 49. Ke3 Bb7 50. Rg5 e6 51. Rh5+ Kg8 52. Bh7+
Kg7 53. dxe6 d5 54. Bd3 d4+ 55. Kxd4 c2 56. Rh7+ Kf6 57. Rxb7 c1=Q 58. e7 Qc6
59. e8=N+ Qxe8 60. Rb6+ Kf7 61. Rb7+ Kf8 62. Rb3 Qa4+ 63. Kc3 Rxd3+ 64. Kxd3
Qxb3+ 65. Ke4 Qc2+ 66. Kf3 Kg7 67. g4 Qd1+ 68. Kg3 Qg1+ 69. Kf3 Kf6 0-1

[Event "OLNO 1819 SC Kreuzberg - SC Weisse Dame"]
[Site "?"]
[Date "2018.11.11"]
[Round "2.1"]
[White "Waldmann, Hans-Joachim"]
[Black "Glantz, Robert"]
[Result "0-1"]
[WhiteElo "2296"]
[BlackElo "2291"]
[PlyCount "64"]
[EventDate "2018.??.??"]

1. e4 c5 2. Nf3 e6 3. c4 Nc6 4. Nc3 g5 5. d3 g4 6. Ng1 h5 7. h3 g3 8. fxg3 Bd6
9. Nge2 Nge7 10. Bf4 Be5 11. Bxe5 Nxe5 12. Nf4 h4 13. g4 N7c6 14. Be2 a6 15.
O-O Qg5 16. Rf2 d6 17. Bf1 Bd7 18. Qc1 O-O-O 19. Nh5 Qxc1 20. Rxc1 f5 21. Nf6
fxg4 22. hxg4 Rh6 23. Be2 Nd4 24. Rcf1 Rg6 25. Nd1 Rxf6 26. Rxf6 Nxe2+ 27. Kf2
Ng3 28. Ne3 Nxd3+ 29. Kf3 Ne5+ 30. Kf4 Rg8 31. Rf2 Nd3+ 32. Kf3 Nxf2 0-1

[Event "OLNO 1819 SC Kreuzberg - SC Weisse Dame"]
[Site "?"]
[Date "2018.11.11"]
[Round "2.2"]
[White "Thesing, Matthias"]
[Black "Pfeffer, Ruprecht"]
[Result "1-0"]
[WhiteElo "2317"]
[BlackElo "2259"]
[PlyCount "69"]
[EventDate "2018.??.??"]

1. e4 c5 2. Nc3 e6 3. f4 Nc6 4. Nf3 d5 5. Bb5 Nge7 6. exd5 exd5 7. Qe2 f6 8.
Bxc6+ bxc6 9. b3 Kf7 10. O-O Nf5 11. Ba3 Bd6 12. Na4 Re8 13. Qf2 c4 14. Bxd6
Qxd6 15. g3 cxb3 16. axb3 Ba6 17. Rfe1 Rxe1+ 18. Rxe1 Bb5 19. Nc5 d4 20. Ne4
Qd7 21. g4 Ne7 22. f5 c5 23. Nxc5 Qd5 24. Ne6 Bc6 25. Nexd4 Bb7 26. Qe3 Qc5 27.
c3 Nd5 28. Qe6+ Kf8 29. Qd7 Rb8 30. b4 Qb6 31. Re6 Qd8 32. Rd6 Qxd7 33. Rxd7
Nf4 34. Kf2 Nd3+ 35. Kg3 1-0

[Event "OLNO 1819 SC Kreuzberg - SC Weisse Dame"]
[Site "?"]
[Date "2018.11.11"]
[Round "2.3"]
[White "Abraham, Ingo"]
[Black "Lerch, Philipp"]
[Result "0-1"]
[WhiteElo "2207"]
[BlackElo "2311"]
[PlyCount "132"]
[EventDate "2018.??.??"]

1. d4 g6 2. e4 Bg7 3. c4 e6 4. Nc3 Ne7 5. Be3 d5 6. Nf3 O-O 7. e5 c5 8. dxc5
Nbc6 9. Bf4 Qa5 10. Qd2 Qxc5 11. cxd5 Nxd5 12. Nxd5 exd5 13. Rc1 Qe7 14. Qxd5
Qb4+ 15. Qd2 Qxd2+ 16. Nxd2 Nxe5 17. Be2 Bf5 18. Bxe5 Bxe5 19. Nc4 Rfe8 20.
Nxe5 Rxe5 21. f4 Re4 22. Rc4 Rae8 23. Rxe4 Bxe4 24. Kf2 Bxg2 25. Rd1 Bc6 26.
Bf3 Re6 27. Rd8+ Kg7 28. Rb8 Bxf3 29. Kxf3 Rb6 30. b3 Kf6 31. Ke4 h5 32. Ke3
Kf5 33. Kf3 Rb4 34. Kg3 f6 35. h4 b6 36. Ra8 Rxf4 37. Rxa7 Rg4+ 38. Kh3 Rd4 39.
Rb7 Rd6 40. Kg3 g5 41. b4 g4 42. a4 Rd3+ 43. Kg2 Ra3 44. Rxb6 Rxa4 45. Rb5+ Kg6
46. Rb8 Ra2+ 47. Kg3 Ra3+ 48. Kg2 f5 49. Rg8+ Kf6 50. Rg5 Rb3 51. Rxh5 Rxb4 52.
Rh8 Rb2+ 53. Kg3 Rb3+ 54. Kg2 Rh3 55. Rh7 Ke5 56. Rh8 Kf4 57. Rh7 Rg3+ 58. Kf2
Ra3 59. Rf7 Rh3 60. Rh7 Rh2+ 61. Kg1 Kg3 62. Rf7 Rg2+ 63. Kf1 Rf2+ 64. Ke1 f4
65. h5 Rh2 66. Rf5 f3 0-1

[Event "OLNO 1819 SC Kreuzberg - SC Weisse Dame"]
[Site "?"]
[Date "2018.11.11"]
[Round "2.4"]
[White "Moritz, Aron"]
[Black "Uhl, Heinz"]
[Result "1-0"]
[WhiteElo "2203"]
[BlackElo "2137"]
[PlyCount "79"]
[EventDate "2018.??.??"]

1. e4 c5 2. Nf3 d6 3. d4 cxd4 4. Nxd4 Nf6 5. Nc3 g6 6. Be3 Bg7 7. f3 O-O 8. Qd2
Nc6 9. O-O-O d5 10. exd5 Nxd5 11. Nxc6 bxc6 12. Bd4 e5 13. Bc5 Be6 14. Ne4 Rb8
15. Bc4 f5 16. Ng5 Bh6 17. h4 Rf7 18. Kb1 Bxg5 19. hxg5 Rd7 20. Ka1 Rbb7 21.
Rde1 Qb8 22. b3 Nf4 23. Qc3 Bxc4 24. Qxc4+ Rd5 25. Ba3 Nxg2 26. Qxc6 Nf4 27.
Bb2 Rc7 28. Qf6 Rf7 29. Bxe5 Qxe5+ 30. Qxe5 Rxe5 31. Rxe5 h5 32. gxh6 Kh7 33.
c4 Nh5 34. c5 Kxh6 35. c6 Rc7 36. Rc5 Kg5 37. Rd1 Nf6 38. Rg1+ Kh6 39. b4 Ng8
40. b5 1-0

[Event "OLNO 1819 SC Kreuzberg - SC Weisse Dame"]
[Site "?"]
[Date "2018.11.11"]
[Round "2.5"]
[White "Venske, Kai-Gerrit"]
[Black "Lehmann, Klaus"]
[Result "1/2-1/2"]
[WhiteElo "2179"]
[BlackElo "2256"]
[PlyCount "39"]
[EventDate "2018.??.??"]

1. e4 d6 2. d4 Nf6 3. Nc3 e5 4. dxe5 dxe5 5. Qxd8+ Kxd8 6. Nf3 Bd6 7. Bg5 c6 8.
O-O-O Ke7 9. Bc4 Be6 10. Bxe6 fxe6 11. Rd2 Rd8 12. Rhd1 Rd7 13. Bh4 Bc7 14. Rd3
Rxd3 15. cxd3 Nbd7 16. Bg3 Nh5 17. Bh4+ Nhf6 18. Bg3 Nh5 19. Bh4+ Nhf6 20. Bg3
1/2-1/2

[Event "OLNO 1819 SC Kreuzberg - SC Weisse Dame"]
[Site "?"]
[Date "2018.11.11"]
[Round "2.6"]
[White "Glienke, Manfred"]
[Black "Mohrmann, Ralf"]
[Result "1-0"]
[WhiteElo "2244"]
[BlackElo "2053"]
[PlyCount "117"]
[EventDate "2018.??.??"]

1. e4 d6 2. d4 Nf6 3. Nc3 g6 4. Nf3 Bg7 5. h3 c6 6. Bg5 O-O 7. Qd2 Nbd7 8. e5
Ne8 9. Bc4 Nb6 10. Bd3 Be6 11. O-O Nc4 12. Bxc4 Bxc4 13. Rfe1 f6 14. exf6 exf6
15. Bh6 Nc7 16. Bxg7 Kxg7 17. Re4 Re8 18. Rae1 Qd7 19. b3 Bg8 20. Qf4 d5 21.
Rxe8 Rxe8 22. Rxe8 Nxe8 23. Qb8 b6 24. Qf4 Nd6 25. Ne2 Ne4 26. Ng3 Nxg3 27.
Qxg3 Bf7 28. Qf4 Qe7 29. a4 g5 30. Qe3 Qe4 31. Qxe4 dxe4 32. Nd2 Bg6 33. c3 Kf8
34. Kf1 f5 35. Ke2 Bh5+ 36. Ke3 Bd1 37. g4 fxg4 38. hxg4 Bxg4 39. Nxe4 h6 40.
f3 Be6 41. c4 Ke7 42. Nf2 b5 43. axb5 cxb5 44. d5 Bd7 45. c5 a5 46. Kd4 h5 47.
c6 Bc8 48. Kc5 a4 49. bxa4 bxa4 50. d6+ Kd8 51. Kb4 g4 52. fxg4 Bxg4 53. Kxa4
Bc8 54. Kb5 h4 55. Kb6 Be6 56. Kb7 Bd5 57. Nh3 Bg2 58. Nf4 h3 59. Nxg2 1-0

[Event "OLNO 1819 SC Kreuzberg - SC Weisse Dame"]
[Site "?"]
[Date "2018.11.11"]
[Round "2.7"]
[White "Mahn, Franko"]
[Black "Ellers, Holger"]
[Result "1-0"]
[WhiteElo "2139"]
[BlackElo "2362"]
[PlyCount "85"]
[EventDate "2018.??.??"]

1. c4 b6 2. Nc3 Bb7 3. e4 c5 4. g3 Nc6 5. Bg2 g6 6. Nge2 Bg7 7. d3 d6 8. Be3
Nf6 9. h3 e6 10. Qd2 O-O 11. O-O Qd7 12. Rad1 d5 13. exd5 exd5 14. d4 cxd4 15.
Nxd4 Ne5 16. cxd5 Nxd5 17. Nxd5 Bxd5 18. Nf3 Bxf3 19. Qxd7 Bxg2 20. Qc7 Rfc8
21. Qxc8+ Rxc8 22. Kxg2 Nc4 23. b3 Nxe3+ 24. fxe3 Rc7 25. Rd8+ Bf8 26. Rfd1 Kg7
27. R8d7 Rc2+ 28. R1d2 Rxd2+ 29. Rxd2 Bc5 30. Kf3 Kf6 31. Rd7 a5 32. g4 h5 33.
gxh5 gxh5 34. Rd5 Kg6 35. Kf4 Be7 36. Rd7 Bc5 37. Rb7 Kf6 38. Rd7 Kg6 39. Rd2
Ba3 40. Rg2+ Kf6 41. Rg8 Bb4 42. Ke4 Bc5 43. h4 1-0

[Event "OLNO 1819 SC Kreuzberg - SC Weisse Dame"]
[Site "?"]
[Date "2018.11.11"]
[Round "2.8"]
[White "Dyballa, Markus"]
[Black "Gross, Thorsten"]
[Result "0-1"]
[WhiteElo "2220"]
[BlackElo "2147"]
[PlyCount "110"]
[EventDate "2018.??.??"]

1. c4 e6 2. Nc3 d5 3. d4 Nf6 4. cxd5 exd5 5. Bg5 Be7 6. e3 O-O 7. Bd3 c6 8. Qc2
Nbd7 9. h3 Re8 10. O-O-O Nf8 11. Bf4 Bd6 12. Bxd6 Qxd6 13. Nf3 Be6 14. Kb1 Rac8
15. Rc1 a6 16. Na4 Ne4 17. Nc5 Nxc5 18. dxc5 Qe7 19. Rhd1 Rcd8 20. Rd2 h6 21.
Nd4 Bc8 22. Ka1 Qf6 23. Qc3 Ne6 24. Nxe6 Qxc3 25. Rxc3 fxe6 26. Bg6 Rf8 27. b4
e5 28. Kb2 Rf6 29. Bd3 Be6 30. a4 Kf8 31. Bf1 Ke7 32. f3 e4 33. f4 g5 34. g3
gxf4 35. gxf4 Rg8 36. b5 axb5 37. axb5 Rg1 38. bxc6 bxc6 39. Rf2 Rg3 40. h4 Rf8
41. Rb3 Bd7 42. Re2 Ra8 43. Rb7 Kd8 44. Rg2 Rxg2+ 45. Bxg2 Ra5 46. Rb8+ Kc7 47.
Rh8 Rb5+ 48. Kc3 Rxc5+ 49. Kd4 Rc2 50. Bxe4 Rc4+ 51. Kd3 Rxe4 52. Rxh6 Bf5 53.
Kd2 Re7 54. Rf6 Bg4 55. Rg6 Bf3 0-1

[Event "OLNO 1819 SK König Tegel II - SV Empor"]
[Site "?"]
[Date "2018.11.11"]
[Round "2.1"]
[White "Foerster, Jonas"]
[Black "Giemsa, Stephan"]
[Result "1-0"]
[WhiteElo "2263"]
[BlackElo "2285"]
[PlyCount "81"]
[EventDate "2018.??.??"]

1. d4 Nf6 2. Nf3 d5 3. c4 e6 4. Nc3 dxc4 5. e3 a6 6. a4 c5 7. Bxc4 Nc6 8. O-O
Be7 9. dxc5 Qxd1 10. Rxd1 Bxc5 11. h3 Bb4 12. Na2 Be7 13. Bd2 Ne4 14. Be1 Bf6
15. Rab1 Bd7 16. b4 b5 17. Bd3 Nd6 18. Bc3 Ke7 19. e4 Bxc3 20. Nxc3 Rab8 21.
axb5 axb5 22. e5 Nc4 23. Bxc4 bxc4 24. b5 Na5 25. Ra1 Ra8 26. Rd6 Nb3 27. Rad1
Ra7 28. Ng5 Nc5 29. b6 Rb7 30. Nce4 Nd3 31. R1xd3 cxd3 32. Nc5 Rhb8 33. Nxb7
Rxb7 34. Ne4 Bb5 35. f4 Rb8 36. Kf2 Ba6 37. Nc5 Bc4 38. Ke3 Ra8 39. b7 Rb8 40.
Rd7+ Ke8 41. Rc7 1-0

[Event "OLNO 1819 SK König Tegel II - SV Empor"]
[Site "?"]
[Date "2018.11.11"]
[Round "2.2"]
[White "Anibar, Ahmed"]
[Black "Urban, Julian"]
[Result "1-0"]
[WhiteElo "2248"]
[BlackElo "2253"]
[PlyCount "45"]
[EventDate "2018.??.??"]

1. e4 b6 2. d4 Bb7 3. Nc3 e6 4. a3 d5 5. e5 Ne7 6. Nf3 h6 7. Ne2 c5 8. c3 a5 9.
Nf4 Ba6 10. Bxa6 Nxa6 11. O-O Nc7 12. dxc5 bxc5 13. Nd3 Nc8 14. Be3 c4 15. Nf4
a4 16. Nd4 Ra6 17. Nh5 f5 18. exf6 gxf6 19. Qg4 Kd7 20. Bf4 Be7 21. Bxc7 Qxc7
22. Rfe1 f5 23. Qg6 1-0

[Event "OLNO 1819 SK König Tegel II - SV Empor"]
[Site "?"]
[Date "2018.11.11"]
[Round "2.3"]
[White "Meissner, Hans-Juergen"]
[Black "Dimitrijeski, Boris"]
[Result "1/2-1/2"]
[WhiteElo "2223"]
[BlackElo "2232"]
[PlyCount "106"]
[EventDate "2018.??.??"]

1. e4 e5 2. Nf3 Nc6 3. Bb5 Nge7 4. O-O g6 5. c3 a6 6. Ba4 Bg7 7. d4 exd4 8.
cxd4 O-O 9. d5 Na5 10. Nc3 b5 11. Bc2 d6 12. h3 Bb7 13. Bg5 h6 14. Bh4 Nc4 15.
Bb3 Nxb2 16. Qd2 Nc4 17. Bxc4 bxc4 18. Rab1 Bc8 19. Nd4 g5 20. Bg3 f5 21. f4
fxe4 22. fxg5 Bxd4+ 23. Qxd4 Nf5 24. Qxe4 Qxg5 25. Bf4 Qg6 26. Kh2 Kh7 27. g4
Ng7 28. Qxg6+ Kxg6 29. Kg3 Ne8 30. Rfe1 Nf6 31. Be3 Re8 32. Bd4 Bd7 33. Rf1 Rf8
34. Rf4 Nh7 35. Rbf1 Rxf4 36. Rxf4 Rf8 37. Rxf8 Nxf8 38. Ba7 c6 39. Bb8 cxd5
40. Nxd5 Be6 41. Nf4+ Kf7 42. Bxd6 Bd7 43. Bb4 Ng6 44. Ne2 Ne5 45. Bd2 Kg6 46.
Nf4+ Kh7 47. Nd5 Kg6 48. Bc3 Nd3 49. Bd4 Be6 50. Nc3 h5 51. Ne4 hxg4 52. hxg4
Nc1 53. Nc3 Nd3 1/2-1/2